Juegos de aventura: juegos innovadores para educación física y tiempo libre
Uloženo v:
| Hlavní autor: | |
|---|---|
| Médium: | Kniha |
| Jazyk: | španělština |
| Vydáno: |
Barcelona
Paidotribo
2001
|
| Vydání: | 1a. ed |
| Edice: | Colección Juegos
|
| Témata: | |
| Tagy: |
Přidat tag
Žádné tagy, Buďte první, kdo vytvoří štítek k tomuto záznamu!
|
MARC
| LEADER | 00000nam a2200000 a 4500 | ||
|---|---|---|---|
| 001 | UCN2913 | ||
| 003 | CL-VaPUC | ||
| 008 | 010615e20010000SP |||||||||||||||||spa|d | ||
| 020 | |a 848019524X | ||
| 082 | 0 | 4 | |a 796.14 |b PIN |2 21 |
| 100 | 0 | |a Pinos Quílez, Martín |e author |9 459194 | |
| 245 | 1 | 0 | |a Juegos de aventura: juegos innovadores para educación física y tiempo libre |
| 250 | |a 1a. ed | ||
| 300 | |a 163 p | ||
| 942 | |c BK | ||
| 945 | |d 20010615 00:00:00 |a cmena | ||
| 260 | |a Barcelona |b Paidotribo |c 2001 | ||
| 650 | 0 | |a Juegos infantiles |9 307365 | |
| 650 | 7 | |a DEPORTE |2 CL-VaPUC |9 459195 | |
| 650 | 0 | |a Educación física |9 240893 | |
| 650 | 0 | |a Métodos de enseñanza |9 270413 | |
| 650 | 7 | |a TRABAJOS EN GRUPOS |2 CL-VaPUC |9 459196 | |
| 583 | |a last modification |c 20010615 00:00:00 |k Rodrigo Vera | ||
| 490 | 0 | |a Colección Juegos | |
| 999 | |c 295932 |d 295930 | ||
| 952 | |0 0 |1 0 |4 0 |6 796_140000000000000_PIN_2001 |7 0 |8 A |9 349381 |a BIBEDU |b BIBEDU |d 2019-11-20 |i 3732932 |o 796.14 PIN 2001 |p 3732932 |r 2024-04-11 |w 2019-11-20 |y BK |k EFI | ||
| 952 | |0 0 |1 0 |4 0 |6 796_140000000000000_PIN_2001 |7 0 |8 A |9 349382 |a BIBEDU |b BIBEDU |d 2019-11-20 |i 3753352 |o 796.14 PIN 2001 |p 3753352 |r 2019-11-20 |w 2019-11-20 |y BK |k EFI | ||
| 952 | |0 0 |1 0 |4 0 |6 796_140000000000000_PIN_2001 |7 0 |8 A |9 349383 |a BIBEDU |b BIBEDU |d 2019-11-20 |i 4344464 |l 1 |o 796.14 PIN 2001 |p 4344464 |r 2020-03-12 |s 2020-03-04 |w 2019-11-20 |y BK |k EFI | ||
| 952 | |0 0 |1 0 |4 0 |6 796_140000000000000_PIN_2001 |7 0 |8 A |9 349384 |a BIBEDU |b BIBEDU |d 2019-11-20 |i 4344472 |o 796.14 PIN 2001 |p 4344472 |r 2019-11-20 |w 2019-11-20 |y BK |k EFI | ||
| 952 | |0 0 |1 0 |4 0 |6 796_140000000000000_PIN_2001 |7 0 |8 C |9 349385 |a BIBCUR |b BIBCUR |d 2019-11-20 |i 4714725 |o 796.14 PIN 2001 |p 4714725 |r 2025-04-22 |w 2019-11-20 |y BK |k DEN | ||